Word Laddyrinth VII Quiz Stats

 Plays Quiz Updated Nov 16, 2017

Also try: Word Laddyrinth VI
Challenge
Share
Tweet
Embed
Score 0/192 Timer 07:00
13 Plays Today
% Correct
husband's partner
99.6%
FINISH
99.1%
0~O~0~O~0~O~0
98.8%
0~O~0~O~0~O~0
98.8%
red or white drink
98.8%
vitality
98.8%
WIFE
98.8%
eat a meal
98.3%
air current
98.3%
WINE
98.3%
0~O~0~O~0~O~0
97.1%
0~O~0~O~0~O~0
97.1%
citrus fruit
94.7%
LIFE
94.6%
0~O~0~O~0~O~0
94.4%
0~O~0~O~0~O~0
94.4%
finished
93.5%
friendly
93.3%
WIND
93.3%
DINE
93.2%
0~O~0~O~0~O~0
92.7%
0~O~0~O~0~O~0
92.7%
silent performer
92.2%
LIME
92%
0~O~0~O~0~O~0
91.8%
0~O~0~O~0~O~0
91.8%
0~O~0~O~0~O~0
91.7%
0~O~0~O~0~O~0
91.7%
skeleton component
91.6%
0~O~0~O~0~O~0
91.6%
0~O~0~O~0~O~0
91.6%
belonging to me
91.5%
fur source
91.5%
DONE
91.5%
MINE
91.4%
MIME
91.4%
adhere
91%
BONE
90.8%
0~O~0~O~0~O~0
86.4%
0~O~0~O~0~O~0
86.4%
0~O~0~O~0~O~0
86%
0~O~0~O~0~O~0
86%
KIND
84.7%
regent
84.7%
0~O~0~O~0~O~0
83.8%
0~O~0~O~0~O~0
83.8%
0~O~0~O~0~O~0
83.7%
0~O~0~O~0~O~0
83.7%
0~O~0~O~0~O~0
82.7%
0~O~0~O~0~O~0
82.7%
connection
82.2%
MINK
82%
kitchen basin
81.3%
hockey arena
81.2%
LINK
81.1%
hazard
80.7%
SINK
80.7%
cocoon thread
80.7%
RINK
80.7%
SILK
78.1%
dear, as a memory
77.3%
small body of water
76.5%
BOND
76.2%
POND
76.1%
% Correct
0~O~0~O~0~O~0
75.3%
0~O~0~O~0~O~0
75.3%
nourishment
74.2%
head covering
74.1%
FOOD
73.8%
finance
73.6%
FOND
73.6%
snare
72.3%
0~O~0~O~0~O~0
71.9%
0~O~0~O~0~O~0
71.9%
HOOD
71.6%
RISK
68.2%
ascend
68.2%
KING
68%
RISE
67.1%
0~O~0~O~0~O~0
65.7%
0~O~0~O~0~O~0
65.7%
secure
61.4%
0~O~0~O~0~O~0
60.9%
0~O~0~O~0~O~0
60.9%
examine visually
60.9%
LOOK
60.6%
certain parasites
60.6%
ornamental netting
60.4%
0~O~0~O~0~O~0
60.4%
0~O~0~O~0~O~0
60.4%
deficiency
60.1%
HOOK
60%
0~O~0~O~0~O~0
59.3%
0~O~0~O~0~O~0
59.3%
considerate
58.8%
stone
58.8%
LOCK
58.7%
Egyptian river
58.3%
queue
58.2%
common grain
58%
NICE
58%
LACK
57.9%
NILE
57.6%
gimpy
57.3%
0~O~0~O~0~O~0
56.8%
0~O~0~O~0~O~0
56.8%
LACE
56.7%
tempo
56.8%
LICE
56.1%
ROCK
55.5%
FUND
55%
PACE
55%
RICE
52.8%
0~O~0~O~0~O~0
51.5%
0~O~0~O~0~O~0
51.5%
light source
49.9%
0~O~0~O~0~O~0
48.9%
0~O~0~O~0~O~0
48.9%
moist
48.4%
flaccid
48.4%
LAMP
48.4%
LAME
48.2%
stay in a tent
48.1%
incline
48%
DAMP
47.9%
complete
47.9%
0~O~0~O~0~O~0
47.8%
0~O~0~O~0~O~0
47.8%
% Correct
inferno
47.8%
FILE
47.8%
CAMP
47.7%
FIRE
47.3%
filing tool
46.7%
RAMP
46.3%
LIMP
44.1%
0~O~0~O~0~O~0
42%
0~O~0~O~0~O~0
42%
FILL
38.2%
0~O~0~O~0~O~0
37.8%
0~O~0~O~0~O~0
37.8%
0~O~0~O~0~O~0
36.4%
0~O~0~O~0~O~0
36.4%
impulsive
36.3%
whip
36.3%
0~O~0~O~0~O~0
35.8%
0~O~0~O~0~O~0
35.8%
final
35.7%
accommodate
35.7%
misplaced
35.2%
quick
35%
LAST
34.9%
RASP
34.7%
stinging insect
34.7%
plunder
34.6%
LOST
34.6%
closed hand
34.5%
FAST
34.5%
0~O~0~O~0~O~0
34.4%
0~O~0~O~0~O~0
34.4%
souse
34.3%
RASH
34.3%
0~O~0~O~0~O~0
34.2%
0~O~0~O~0~O~0
34.2%
LASH
34%
FIST
33.8%
basic meaning
33.8%
WASP
33.8%
0~O~0~O~0~O~0
32.7%
0~O~0~O~0~O~0
32.7%
LOOT
30%
botanical anchor
29.6%
HOOT
29.6%
0~O~0~O~0~O~0
29.2%
0~O~0~O~0~O~0
29.2%
owl utterance
29.2%
GIST
28.9%
HOST
28.6%
break
28%
shrub
27.8%
BUSH
27.7%
LUSH
27.7%
ROOT
26.8%
chamber
26.8%
has to
26.5%
mull over
26.5%
MUST
26.5%
BUST
26.4%
ROOM
25.7%
catastrophic fate
25.7%
MUSE
25%
NICE JOB
23.3%
DOOM
23.2%

You're not logged in!

Compare scores with friends on all Sporcle quizzes.
OR
Log In

You Might Also Like...

Show Comments

Extras

Top Quizzes Today


Score Distribution

Your Account Isn't Verified!

In order to create a playlist on Sporcle, you need to verify the email address you used during registration. Go to your Sporcle Settings to finish the process.

Report this User

Report this user for behavior that violates our Community Guidelines.

Details: